000
00297nam a22001337a 4500
008
210428b ||||| |||| 00| 0 eng d
041
_a
eng
080
_a
311
082
_a
311
100
_a
53
101
_a
STA
245
_a
Statistics Methods and Applications
_c
Griffin,J.I
942
_2
udc
_c
BK
999
_c
56911
_d
56911